La verdad os hará libres
Spremljeno u:
| Format: | Knjiga |
|---|---|
| Jezik: | španjolski |
| Izdano: |
Buenos Aires
Carlos Lholé
1969
|
| Teme: | |
| Oznake: |
Dodaj oznaku
Bez oznaka, Budi prvi tko označuje ovaj zapis!
|
MARC
| LEADER | 00000nam a2200000 a 4500 | ||
|---|---|---|---|
| 001 | UCI1692 | ||
| 003 | CL-VaPUC | ||
| 008 | 070713e19690000AG |||||||||||||||||spa|d | ||
| 082 | 0 | 4 | |a 248 |b LAV |2 21 |
| 245 | 1 | 3 | |a La verdad os hará libres |
| 300 | |a 161 p | ||
| 942 | |c BK | ||
| 945 | |d 20070713 00:00:00 |a jtorresc | ||
| 260 | |a Buenos Aires |b Carlos Lholé |c 1969 | ||
| 650 | 0 | |a Vida espiritual |9 307811 | |
| 650 | 0 | |a Espiritualidad |9 267331 | |
| 650 | 0 | |a Vida religiosa |9 257284 | |
| 650 | 0 | |a Cristianismo |9 257361 | |
| 583 | |a last modification |c 20070713 00:00:00 |k Rodrigo Vera | ||
| 999 | |c 326449 |d 326447 | ||
| 952 | |0 0 |1 0 |4 0 |6 248_000000000000000_LAV_1969 |7 0 |8 A |9 408339 |a BIBTEO |b BIBTEO |d 2019-11-22 |i 4245881 |o 248 LAV 1969 |p 4245881 |r 2025-01-17 |w 2019-11-22 |y BK |k ICR | ||